Lei così amata /

Annemarie Schwarzenbach, scrittrice, giornalista, archeologa, fotografa, viaggiatrice, è una donna sempre in attesa, sempre in fuga dal suo paradiso perduto. Una donna che non smette mai di cercare. Parole per i suoi libri, immagini per i suoi reportage, donne da sedurre, uomini da incantare. Chi è...

Volledige beschrijving

Bewaard in:
Bibliografische gegevens
Hoofdauteur: Mazzucco, Melania G. (Auteur)
Formaat: Boek
Taal:Italiaans
Gepubliceerd in: [Milano] : Rizzoli, 2000
Reeks:La scala
Tags: Voeg label toe
Geen labels, Wees de eerste die dit record labelt!

MARC

LEADER 00000nam a22000007i 4500
001 IT\ICCU\TO0\0825990
003 ItRI
005 20260115231902.0
008 000311s2000 it |||||| ||||| |||||c
020 |a 8817863114 
040 |b ita  |c importazione bologna sebina 
041 7 |a ita  |2 ISO-639-2 
100 1 |a Mazzucco, Melania G.  |0 IT\ICCU\LO1V\152069  |4 aut 
240 1 0 |a Lei così amata.  |3 IT\ICCU\UBO\3930851  |9 Mazzucco, Melania G. 
245 1 0 |a Lei così amata /  |c Melania G. Mazzucco. 
260 |a [Milano] :  |b Rizzoli,  |c 2000 
300 |a 429 p. ;  |c 23 cm 
520 |a Annemarie Schwarzenbach, scrittrice, giornalista, archeologa, fotografa, viaggiatrice, è una donna sempre in attesa, sempre in fuga dal suo paradiso perduto. Una donna che non smette mai di cercare. Parole per i suoi libri, immagini per i suoi reportage, donne da sedurre, uomini da incantare. Chi è davvero Annemarie? La sconcertante creatura dal corpo efebico di cui facilmente ci si innamora? O l'appassionata e autodistruttiva amica dei figli di Thomas Mann? La sofisticata e indipendente consorte del diplomatico francese Claude Clarac? E' la scrittrice alla deriva nell'Europa incendiata dal nazismo? O la morfinomane, la schizofrenica che si smarrisce in un viaggio ai limiti della propria identità, Dal Bellevue Hospital di New York fino alla giungla tropicale del Congo, spazio al di fuori del tempo in cui ritrovare le parole che potrebbero guidarla fuori dalla notte e salvarla dalla follia, da se stessa, dal mondo? 
790 1 |a Mazzucco, Melania Gaia  |3 IT\ICCU\CFIV\171384  |z Mazzucco, Melania G. 
790 1 |a Mazzucco, Melania  |3 IT\ICCU\SBNV\030624  |z Mazzucco, Melania G. 
830 3 |a La scala  |0 IT\ICCU\CFI\0000061 
942 |2 ddc  |c BK  |n 0 
952 |0 0  |1 0  |4 0  |6 L_853_914000000000000_MAZ  |7 0  |9 15329  |a BO  |b BO  |d 2026-01-15  |i 6463  |l 0  |o L 853.914 MAZ  |p BO6463  |r 2026-01-15 23:19:02  |w 2026-01-15  |x [Sebina 5] [1 v.]  |y BK  |z 1 v. 
999 |c 13200  |d 13200